Molecular vibrations in crystals / (Record no. 183965)
[ view plain ]
| 000 -LEADER | |
|---|---|
| fixed length control field | 00976 a2200217 4500 |
| 003 - CONTROL NUMBER IDENTIFIER | |
| control field | Nust |
| 005 - DATE AND TIME OF LATEST TRANSACTION | |
| control field | 20221201090552.0 |
| 010 ## - LIBRARY OF CONGRESS CONTROL NUMBER | |
| LC control number | 77023259 |
| 020 ## - INTERNATIONAL STANDARD BOOK NUMBER | |
| International Standard Book Number | 0070286159 : |
| 040 ## - CATALOGING SOURCE | |
| Transcribing agency | Nust |
| 082 00 - DEWEY DECIMAL CLASSIFICATION NUMBER | |
| Classification number | 535.842,DEC |
| 100 1# - MAIN ENTRY--PERSONAL NAME | |
| Personal name | Decius, J. C. |
| 9 (RLIN) | 103851 |
| 245 10 - TITLE STATEMENT | |
| Title | Molecular vibrations in crystals / |
| Statement of responsibility, etc. | John Courtney Decius and Robert Maurice Hexter. |
| 260 ## - PUBLICATION, DISTRIBUTION, ETC. | |
| Place of publication, distribution, etc. | New York : |
| Name of publisher, distributor, etc. | McGraw-Hill, |
| Date of publication, distribution, etc. | c1977. |
| 300 ## - PHYSICAL DESCRIPTION | |
| Extent | xii, 391 p. : |
| Other physical details | ill. ; |
| Dimensions | 25 cm. |
| 505 ## - FORMATTED CONTENTS NOTE | |
| Formatted contents note | Chapter 1, Introduction (Page-1), Chapter 2, Symmetry and normal Vibrations of isolated molecules (Page-15), Chapter 3, Vibrations of a Linear Lattice (Page-75), Chapter 4, Vibration of crystals composed of monatomic units (Page-101), Chapter 5,Optical Properties of Single Crystals (Page-179), Chapter 6, Molecular Crystals (Page-218). |
| 650 #0 - SUBJECT ADDED ENTRY--TOPICAL TERM | |
| Topical term or geographic name entry element | Crystals |
| General subdivision | Spectra. |
| 9 (RLIN) | 103852 |
| 650 #0 - SUBJECT ADDED ENTRY--TOPICAL TERM | |
| Topical term or geographic name entry element | Vibrational spectra. |
| 9 (RLIN) | 103853 |
| 700 1# - ADDED ENTRY--PERSONAL NAME | |
| Personal name | Hexter, Robert Maurice, |
| Dates associated with a name | 1925- |
| 9 (RLIN) | 103854 |
| 942 ## - ADDED ENTRY ELEMENTS (KOHA) | |
| Source of classification or shelving scheme | |
| Koha item type | Book |
| Call number prefix | 535.842,DEC |
| Withdrawn status | Lost status | Source of classification or shelving scheme | Damaged status | Not for loan | Permanent Location | Current Location | Shelving location | Date acquired | Full call number | Barcode | Date last seen | Price effective from | Koha item type | Public note |
|---|---|---|---|---|---|---|---|---|---|---|---|---|---|---|
| Military College of Signals (MCS) | Military College of Signals (MCS) | General Stacks | 12/12/2016 | 535.842,DEC | MCS7108 | 12/08/2016 | 12/12/2016 | Book | Almirah No.16, Shelf No.3 |
